000 00431nam a22001817a 4500
003 CEME
005 20210628210236.0
008 210215b xxu||||| |||| 00| 0 eng d
020 _a0-02-802029-4
040 _c.
082 _a415 SAL
100 _aSalak, Ann.M
_978698
245 _aImprove your sentence
260 _aNEW YORK
_bGLENCOE
_c1995
300 _a580P
650 _aSENTENCE-IMPROVEMENT
_978699
942 _cBK
_2ddc
999 _c583795
_d583795